Hiszpański #3 (la ropa) - Statystyki

Ogólne statystyki
  • Ten quiz został rozwiązany 12 razy
  • Średni wynik to 13 z 31
Statystyki odpowiedzi
Hint Odpowiedź % Poprawnych
koszula la camisa
89%
sukienka el vestido
78%
t-shirt la camiseta
78%
spodnie los pantalones
78%
pasek el cinturón
67%
szalik la bufanda
67%
spódnica la falda
67%
sweter el jersey
56%
kurtka la chaqueta
56%
buty los zapatos
56%
piżama el pijama
44%
krawat la corbata
44%
majtki (kobiece) las bragas
44%
rajstopy las medias
44%
bluza la sudadera
44%
krótkie spodenki los pantalones cortos
44%
jeansy los vaqueros
44%
płaszcz el abrigo
33%
stanik el sujetador
33%
rękaw la manga
33%
skarpetki los calcetines
33%
kieszeń el bolsillo
22%
guzik el botón
22%
kamizelka el chaleco
22%
dres el chándal
22%
cardigan la rebeca
22%
bielizna (ogólnie) la ropa interior
22%
majtki (męskie) los calzoncillos
22%
kaptur la capucha
11%
kapcie las pantuflas
11%
legginsy las mallas
0%
Nie znaleziono quizów pasujących do podanych kryteriów
Rozkład punktacji
Procent ludzi z każdym wynikiem
Percentyl według liczby udzielonych odpowiedzi
Twoja historia wyników
Nie rozwiązałeś tego quizu